Statistics for Most Densely Polpulated Countries

Click here to take the quiz!

General Stats

  • This quiz has been taken 10 times
  • The average score is 11 of 15

Answer Stats

PolpulationPeople/ sq miPeople/ sq kmAnswer% Correct
172,954,3193,0201,165Bangladesh
100%
36,29847,00018,000Monaco
100%
6,014,72321,4008,250Singapore
100%
535,0654,4001,700Malta
88%
23,923,2771,750676Taiwan
88%
7644,1001,600Vatican City
88%
1,485,5104,9001,910Bahrain
75%
1,300,5571,700657Mauritius
75%
12,7801,600610Nauru
75%
281,9961,690654Barbados
63%
5,353,9301,330512Lebanon
63%
523,7874,5001,750Maldives
50%
14,094,6831,390535Rwanda
50%
33,6421,400550San Marino
50%
51,784,0591,340516South Korea
50%

Score Distribution

Percentile by Number Answered

Percent of People with Each Score

Your Score History

You have not taken this quiz